000 00674nam a22001697a 4500
999 _c11646
_d11646
008 181214b ||||| |||| 00| 0 eng d
082 _22018
_aUT 1106
_bM66
100 _933309
_aMindajao. Elario S. Jr.
245 _aDigos city jail visitors login monitoring system using local binary pattern with face recognition/
_cElario S. Mindajao, Ian L. Padillo, Jonver L. Para
260 _aDigod City:
_bUMDC
_cApril 2018
300 _a95 pages;
_b29 cm.
650 0 _933334
_aTechnical programs
_vInformation Technology
_xUndergraduate Thesis
700 _933311
_aMindajao, Elario S. Jr.
700 _933312
_aPadillo, Ian L.
700 _933313
_aPara, Jonver L.
942 _2ddc
_cUT